002110000a220007300045001000017000002450037000173000036000547730047000901 aFrisch, Amos10aThe Exodus motif in 1 Kings 1-14 aNúm 87 (2000), Páginas 3-210 tJournal for the Study of the Old Testament